Gem hunter's guide; (Запис № 500308)
[ простий вигляд ]
| 000 -LEADER | |
|---|---|
| fixed length control field | 01735cam a2200361 4500 |
| 001 - CONTROL NUMBER | |
| control field | gemhuntersguidec00macf |
| 003 - CONTROL NUMBER IDENTIFIER | |
| control field | CaSfIA |
| 005 - DATE AND TIME OF LATEST TRANSACTION | |
| control field | 20210118085355.0 |
| 007 - PHYSICAL DESCRIPTION FIXED FIELD--GENERAL INFORMATION | |
| fixed length control field | cr|||| |
| 008 - FIXED-LENGTH DATA ELEMENTS--GENERAL INFORMATION | |
| fixed length control field | 700331s1969 nyuab b 000 0 eng |
| 010 ## - LIBRARY OF CONGRESS CONTROL NUMBER | |
| LC control number | 78081943 |
| 040 ## - CATALOGING SOURCE | |
| Original cataloging agency | DLC |
| Transcribing agency | DLC |
| Modifying agency | BTCTA |
| -- | LVB |
| -- | CKL |
| -- | CaSfIA |
| 035 ## - SYSTEM CONTROL NUMBER | |
| System control number | (OCoLC)63046 |
| 043 ## - GEOGRAPHIC AREA CODE | |
| Geographic area code | n-us--- |
| 050 00 - LIBRARY OF CONGRESS CALL NUMBER | |
| Classification number | QE392.5.U5 |
| Item number | M3 1969 |
| 082 00 - DEWEY DECIMAL CLASSIFICATION NUMBER | |
| Classification number | 549.9/73 |
| 029 1# - (OCLC) | |
| OCLC library identifier | NZ1 |
| System control number | 3539519 |
| 029 1# - (OCLC) | |
| OCLC library identifier | AU@ |
| System control number | 000000081224 |
| 100 1# - MAIN ENTRY--PERSONAL NAME | |
| Personal name | MacFall, Russell P. |
| 245 10 - TITLE STATEMENT | |
| Title | Gem hunter's guide; |
| Medium | [electronic resource] |
| Remainder of title | the complete handbook for the amateur collector of gem minerals |
| Statement of responsibility, etc | [by] Russell P. MacFall. |
| 250 ## - EDITION STATEMENT | |
| Edition statement | 4th rev. ed. |
| 260 ## - PUBLICATION, DISTRIBUTION, ETC. (IMPRINT) | |
| Place of publication, distribution, etc | New York, |
| Name of publisher, distributor, etc | Crowell |
| Date of publication, distribution, etc | [1969] |
| 300 ## - PHYSICAL DESCRIPTION | |
| Extent | 279 p. |
| Other physical details | illus. (part col.), maps. |
| Dimensions | 20 cm. |
| 504 ## - BIBLIOGRAPHY, ETC. NOTE | |
| Bibliography, etc | Bibliography: p. [275]-279. |
| 520 ## - SUMMARY, ETC. | |
| Summary, etc | "How to find and identify gem minerals. Including a complete directory of the best hunting locations with 89 detail maps and 8 pages of color photographs"--Jacket. |
| 506 ## - RESTRICTIONS ON ACCESS NOTE | |
| Standardized terminology for access restriction | Необхідна авторизація на https://archive.org/ (створення облікового запису безкоштовно) |
| 506 ## - RESTRICTIONS ON ACCESS NOTE | |
| Standardized terminology for access restriction | Необхідна авторизація на https://openlibrary.org/ (створення облікового запису безкоштовно) |
| 650 #0 - SUBJECT ADDED ENTRY--TOPICAL TERM | |
| Topical term or geographic name as entry element | Precious stones |
| Geographic subdivision | United States |
| General subdivision | Collection and preservation. |
| 650 #6 - SUBJECT ADDED ENTRY--TOPICAL TERM | |
| Topical term or geographic name as entry element | Pierres précieuses |
| General subdivision | Collectionneurs et collections |
| Geographic subdivision | États-Unis. |
| 856 41 - ELECTRONIC LOCATION AND ACCESS | |
| Uniform Resource Identifier | <a href="http://www.archive.org/details/gemhuntersguidec00macf">http://www.archive.org/details/gemhuntersguidec00macf</a> |
| Public note | Free eBook from the Internet Archive |
| 856 42 - ELECTRONIC LOCATION AND ACCESS | |
| Uniform Resource Identifier | <a href="http://www.openlibrary.org/books/OL4752786M">http://www.openlibrary.org/books/OL4752786M</a> |
| Public note | Additional information and access via Open Library |
| 942 ## - ADDED ENTRY ELEMENTS (KOHA) | |
| Koha item type | ЕКнига |
Немає доступних примірників.